Movies Quiz

Random Movies or Clickable Quiz
Score 0/20 Timer 10:00
0 Plays Today
% Correct
Kung Fu Panda
96%
The Dark Knight
90.7%
Ice Age 4: Continental Drift
89.3%
The Lion King
85.3%
Fantasic Beasts and Where To Find Them
84%
Jurassic Park
80%
Piartes of the Caribbean: The Curse of the Black Peearl
77.3%
Suicide Squad
73.3%
Deadpool
73.3%
Jurassic World
73.3%
% Correct
Despicable Me
72%
Captain America: Civil War
68%
Cars 3
65.3%
Guardians of the Galaxy
56%
Tangled
53.3%
The LEGO Movie
53.3%
It
52%
Kingsman: The Golden Circle
48%
Harry Potter and the Deathly Hallows Part 1
32%
Megamind
21.3%
Remove Ads.
Support Sporcle.
Get the best of Sporcle when you Go Orange. This ad-free experience offers more features, more stats, and more fun while also helping to support Sporcle. Thank you for becoming a member.

You're not logged in!

Compare scores with friends on all Sporcle quizzes.
OR
Log In

Sporcle TV

Today on Sporcle TV


Watch our educational content, quiz creation guides, and fun videos on Sporcle TV.

Show Comments

Extras

Created Sep 25, 2017ReportNominate
Tags:Clickable Quiz

Top Quizzes Today


Score Distribution

Paid Content

Your Account Isn't Verified!

In order to create a playlist on Sporcle, you need to verify the email address you used during registration. Go to your Sporcle Settings to finish the process.

Report this User

Report this user for behavior that violates our Community Guidelines.

Details: